000
00304nam a22001337a 4500
008
181017b xxu||||| |||| 00| 0 eng d
020
_a
2901118733553
041
_a
eng
080
_2
5 ed
_a
521
100
_a
42
101
_a
GEO
245
_a
The Globalization Reader
_c
Frank.J.L
942
_2
udc
_c
BK
999
_c
50071
_d
50071